Pokémon ou Fromage ? - Statistiques

Statistiques générales
  • Ce quiz a été pris 131 fois
  • Le résultat moyen est 13 sur 15
Statistiques - réponses
Question Réponse % Correct
Cantal
100%
Abondance
98%
Salers
95%
Époisses
95%
Rocabot
94%
Couafarel
91%
Vortente
91%
Laguiole
87%
Brocciu
87%
Barloche
85%
Baudrive
85%
Opermine
81%
Pélardon
74%
Gourmelet
73%
Picodon
70%
Aucun quiz correspondant
Distribution des résultats
% des personnes avec chaque résultat
Percentile par nombre de réponses
Votre historique - résultats
Vous n’avez pas pris ce quiz